第20回東方Project人気投票 音楽部門 - Statistics

General Stats
  • This quiz has been taken 89 times
  • The average score is 20 of 50
Answer Stats
順位 曲名 % Correct
1 U.N.オーエンは彼女なのか?
94%
3 ハルトマンの妖怪少女
78%
5 恋色マスタースパーク(恋色マジック)
76%
2 亡き王女の為のセプテット
75%
4 月まで届け、不死の煙
73%
6 神々が恋した幻想郷
69%
10 ネクロファンタジア
67%
15 おてんば恋娘
65%
18 少女さとり ~ 3rd eye
65%
16 ネイティブフェイス
61%
17 少女綺想曲
59%
20 竹取飛翔 ~ Lunatic Princess
57%
14 月時計 ~ ルナ・ダイアル
55%
23 フラワリングナイト
55%
19 千年幻想郷 ~ History of the Moon
55%
8 上海紅茶館 ~ Chinese Tea
53%
41 ラクトガール ~ 少女密室
47%
28 ラストリモート
43%
26 狂気の瞳 ~ Invisible Full Moon
43%
13 砕月
41%
12 幽霊楽団 ~ Phantom Ensemble
41%
35 六十年目の東方裁判 ~ Fate of Sixty Years
39%
7 偶像に世界を委ねて 〜 Idoratrize World
39%
27 明治十七年の上海アリス
37%
22 感情の摩天楼 ~ Cosmic Mind
37%
33 妖魔夜行
35%
36 人形裁判
35%
9 幽雅に咲かせ、墨染の桜 ~ Border of Life
35%
32 デザイアドライブ
33%
37 フォールオブフォール ~ 秋めく滝
33%
48 聖徳伝説 ~ True Administrator
33%
24 魔法少女達の百年祭
31%
39 風神少女
31%
38 霊知の太陽信仰 ~ Nuclear Fusion
31%
40 ボーダーオブライフ
29%
31 広有射怪鳥事 ~ Till When?
29%
11 ピュアヒューリーズ ~ 心の在処
27%
25 信仰は儚き人間の為に
27%
49 東方妖々夢 ~ Ancient Temple
24%
30 輝く針の小人族 ~ Little Princess
24%
34 メイドと血の懐中時計
22%
29 紅楼 ~ Eastern Dream...
20%
50 遠野幻想物語
18%
42 あの賑やかな市場は今どこに 〜 Immemorial Marketeers
18%
46 秘神マターラ ~ Hidden Star in All Seasons.
18%
21 今宵は飄逸なエゴイスト(Live ver) ~ Egoistic Flowers.
16%
45 明日ハレの日、ケの昨日
12%
44 世界は可愛く出来ている
10%
43 逸脱者達の無礙光 ~ Kingdam of Nothingness
6%
47 メイガスナイト
2%
No matching quizzes found
Score Distribution
Percent of People with Each Score
Percentile by Number Answered
Your Score History
You have not taken this quiz